000 00356pam a2200157a 44500
008 230515b2002 xxu||||| |||| 00| 0 eng d
020 _aNULL
041 _aENGL
082 _a005.133/ RAJ
100 _aRAJRAMAN V.
245 _aFUNDAMENTALS OF COMPUTERS (RAJ)
250 _aN.D.
260 _aNULL
_bPHILI
_c2002
300 _a351 PB
650 _aNULL
999 _c634118
_d634118